| 000 | 00811cac a22001931u 4500 | ||
|---|---|---|---|
| 090 | _c4743 | ||
| 008 | 081108t1998 xxu||||| |||| 00| 0 eng d | ||
| 020 | _a0582369673 | ||
| 082 | _a004.03 21 | ||
| 245 |
_aA glossary of computing terms / _cedited by The British Computer Society Schools Committee Glossary Working Party. |
||
| 250 | _a9th ed. | ||
| 260 |
_a Harlow : _bLongman on behalf of the British Computer Society, _c1998. |
||
| 300 |
_a ix, 374 p. : _b ill. ; _c24 cm. |
||
| 500 | _aIncludes index. | ||
| 650 | _aComputers -- Dictionaries. | ||
| 710 |
_aBritish Computer Society. _bGlossary Working Party. |
||
| 942 |
_cBB _k004.03 21 _2ddc |
||
| 999 |
_c4743 _d4743 |
||